Behind the privacy screen: confidentiality in arbitration (Record no. 84317)
[ view plain ]
| 000 -LEADER | |
|---|---|
| fixed length control field | 00873cab a22002415a 4500 |
| 001 - CONTROL NUMBER | |
| control field | L157285 |
| 008 - FIXED-LENGTH DATA ELEMENTS--GENERAL INFORMATION | |
| fixed length control field | 121009e2012 xxk 000 0 eng d |
| 035 ## - SYSTEM CONTROL NUMBER | |
| System control number | (Sirsi) u157285 |
| 041 0# - LANGUAGE CODE | |
| Language code of text/sound track or separate title | eng |
| 100 1# - MAIN ENTRY--PERSONAL NAME | |
| Personal name | Lytton, David |
| 245 00 - TITLE STATEMENT | |
| Title | Behind the privacy screen: confidentiality in arbitration |
| 260 ## - PUBLICATION, DISTRIBUTION, ETC. | |
| Date of publication, distribution, etc. | 2012 |
| 490 ## - SERIES STATEMENT | |
| Series statement | Solicitors Journal |
| Volume/sequential designation | 156(37) 2 October 2012, 10-11(2) |
| 520 ## - SUMMARY, ETC. | |
| Summary, etc. | Considers the principle of confidentiality and privacy in arbitration proceedings with reference to case law. |
| 590 ## - LOCAL NOTE (RLIN) | |
| Local note | KA |
| 650 24 - SUBJECT ADDED ENTRY--TOPICAL TERM | |
| Topical term or geographic name entry element | ARBITRATION ACT 1996 |
| 650 24 - SUBJECT ADDED ENTRY--TOPICAL TERM | |
| Topical term or geographic name entry element | DOLLING-BAKER V MERRETT |
| 650 24 - SUBJECT ADDED ENTRY--TOPICAL TERM | |
| Topical term or geographic name entry element | ALI SHIPPING CORPORATION V SHIPYARD TROGIR |
| 650 24 - SUBJECT ADDED ENTRY--TOPICAL TERM | |
| Topical term or geographic name entry element | ASSOCIATED ELECTRIC AND GAS INSURANCE SERVICES LTD V EUROPEAN REINSURANCE CO OF ZURICH |
| 650 24 - SUBJECT ADDED ENTRY--TOPICAL TERM | |
| Topical term or geographic name entry element | EMMOTT V MICHAEL WILSON & PARTNERS LTD |
| 690 ## - LOCAL SUBJECT ADDED ENTRY--TOPICAL TERM (OCLC, RLIN) | |
| Topical term or geographic name as entry element | Dispute resolution |
| 9 (RLIN) | 6236 |
| 942 ## - ADDED ENTRY ELEMENTS (KOHA) | |
| Suppress in OPAC | 0 |
| Withdrawn status | Lost status | Source of classification or shelving scheme | Damaged status | Not for loan | Home library | Current library | Shelving location | Date acquired | Total Checkouts | Full call number | Barcode | Date last seen | Copy number | Price effective from | Koha item type |
|---|---|---|---|---|---|---|---|---|---|---|---|---|---|---|---|
| Dewey Decimal Classification | London | London | Journal article | 09/10/2012 | L157285 | 157285-1001 | 06/08/2019 | 1 | 06/08/2019 | Journal article |